000 00322nam a22001577a 4500
003 SGT
020 _a81-8204-064-7
082 _a647.952
_bYAD
100 _aYADAV, MANOJ K.
245 _aTHE WAITER
250 _a1ST
260 _aINDIA
_bAMAN PUB.
_c2011
300 _a270
650 _aWAITERS
942 _2ddc
_cBK
999 _c28593
_d28593